| 000 | 01235nam2a22002651 4500 | ||
|---|---|---|---|
| 001 | rc\3469671 | ||
| 005 | 20250610005744.0 | ||
| 021 |
_aRU _b73-10376 |
||
| 021 |
_aRU _bРг4439-73 |
||
| 035 | _a(NLR Aleph) 007595587 | ||
| 090 |
_a5658965 _c5658965 |
||
| 100 | _a20130115d1972 |||y0rusy50 ca | ||
| 101 | 0 | _arus | |
| 102 | _aRU | ||
| 105 | _aa z ||||| | ||
| 200 | 0 | _aЧ. 1 | |
| 210 |
_d1972 _aБ. м. |
||
| 215 |
_a453 с. _cил. |
||
| 320 | _aБиблиогр.: с. 448 | ||
| 461 | 0 |
_1001rc\3469670 _12001#$aАвиационная электротехника$e[Учебник для слушателей электротехн. фак. вузов ВВС]$fПод ред. В.Д. Нагорского. Ч. 1-$vЧ. 1 _1700#1$aНагорский$bВ.Д.$gВалентин Дмитриевич _95658956 _aНагорский, В.Д. _c[Москва] _d1972 _fПод ред. В.Д. Нагорского. Ч. 1- _nВВИА им. проф. Н.Е. Жуковского _o[Учебник для слушателей электротехн. фак. вузов ВВС] _tАвиационная электротехника _vЧ. 1 |
|
| 801 | 0 |
_aRU _bNLR _gpsbo |
|
| 801 | 1 |
_aRU _bELAR _2rusmarc |
|
| 852 |
_aNLR _j73-5/535 |
||
| 942 | _cBOOK | ||
| 980 | _aNB | ||